[Event "Halifax"]
[Site "Halifax"]
[Date "2018.07.08"]
[Round "3"]
[White "Giacomin, Gordon"]
[Black "Abela, Paul"]
[Result "1/2-1/2"]
[WhiteElo "1943"]
[BlackElo "1876"]
[PlyCount "47"]
[EventDate "2018.07.07"]
[EventType "tourn"]
[EventRounds "5"]
[EventCountry "CAN"]
[SourceTitle "EXT 2022"]
[Source "ChessBase"]
[SourceDate "2021.10.06"]
[SourceVersion "1"]
[SourceVersionDate "2021.10.06"]
[SourceQuality "1"]

1. e4 c5 2. Nf3 d6 3. d4 cxd4 4. Nxd4 Nf6 5. Nc3 a6 6. Be2 e5 7. Nb3 Be7 8. 0-0 0-0 9. Be3 Be6 10. Qd2 Nbd7 11. Rfd1 Nb6 12. Bg5 Rc8 13. f3 Ne8 14. Bxe7 Qxe7 15. Rac1 Qc7 16. Kh1 Rd8 17. Nd5 Bxd5 18. exd5 f5 19. c4 Nf6 20. Qc2 g6 21. Nd2 Rc8 22. Qd3 a5 23. b3 Qc5 24. Nf1 1/2-1/2

[Event "Halifax"]
[Site "Halifax"]
[Date "2018.07.08"]
[Round "5"]
[White "Giacomin, Gordon"]
[Black "Charlton, Glenn"]
[Result "1-0"]
[WhiteElo "1943"]
[BlackElo "2050"]
[PlyCount "81"]
[EventDate "2018.07.07"]
[EventType "tourn"]
[EventRounds "5"]
[EventCountry "CAN"]
[SourceTitle "EXT 2022"]
[Source "ChessBase"]
[SourceDate "2021.10.06"]
[SourceVersion "1"]
[SourceVersionDate "2021.10.06"]
[SourceQuality "1"]

1. e4 c5 2. Nf3 g6 3. d4 cxd4 4. Nxd4 Bg7 5. c4 Nc6 6. Be3 Nf6 7. Nc3 d6 8. Be2 0-0 9. 0-0 Bd7 10. h3 Nxd4 11. Bxd4 Bc6 12. Qc2 Nd7 13. Bxg7 Kxg7 14. Rad1 Qa5 15. Rfe1 Rac8 16. Bg4 Rce8 17. Bxd7 Bxd7 18. e5 Bf5 19. Qe2 dxe5 20. Qxe5+ Qxe5 21. Rxe5 Bc8 22. Red5 e6 23. Rd6 Re7 24. b3 a6 25. f3 f6 26. Kf2 Rff7 27. Ke3 Rd7 28. Na4 e5 29. c5 Rc7 30. b4 Rfe7 31. Nb6 Be6 32. Nd5 Bxd5 33. R6xd5 Kf7 34. a4 f5 35. b5 axb5 36. axb5 h5 37. Rc1 Ke6 38. Rd6+ Kf7 39. b6 Rc8 40. c6 bxc6 41. Rdxc6 1-0

[Event "Halifax"]
[Site "Halifax"]
[Date "2018.07.08"]
[Round "4"]
[White "Gonzalez Cueto, Jose"]
[Black "Giacomin, Gordon"]
[Result "1/2-1/2"]
[WhiteElo "2059"]
[BlackElo "1943"]
[PlyCount "79"]
[EventDate "2018.07.07"]
[EventType "tourn"]
[EventRounds "5"]
[EventCountry "CAN"]
[SourceTitle "EXT 2022"]
[Source "ChessBase"]
[SourceDate "2021.10.06"]
[SourceVersion "1"]
[SourceVersionDate "2021.10.06"]
[SourceQuality "1"]

1. d4 Nf6 2. Nf3 e6 3. e3 b6 4. Bd3 Bb7 5. Nbd2 Be7 6. 0-0 d6 7. Re1 Nbd7 8. e4 e5 9. c3 0-0 10. Nf1 Re8 11. Ng3 g6 12. Qb3 d5 13. dxe5 Nc5 14. Qc2 Nxd3 15. Qxd3 Nxe4 16. Qe2 Bc5 17. Be3 Qe7 18. Qc2 Rad8 19. Rad1 Bxe3 20. Rxe3 Nxg3 21. hxg3 c5 22. Re2 Bc8 23. Qd2 Bg4 24. Qh6 Qf8 25. Qf4 Bxf3 26. gxf3 Qe7 27. Kg2 f6 28. exf6 Qxe2 29. f7+ Kg7 30. fxe8Q Qxe8 31. Qc7+ Rd7 32. Qc6 Qf7 33. a3 Qf5 34. g4 Qf7 35. b4 cxb4 36. cxb4 d4 37. Qe4 Qd5 38. Rd3 Kf6 39. Qf4+ Kg7 40. Qe4 1/2-1/2

[Event "Halifax"]
[Site "Halifax"]
[Date "2018.07.08"]
[Round "2"]
[White "McKay, Brian"]
[Black "Giacomin, Gordon"]
[Result "0-1"]
[WhiteElo "1936"]
[BlackElo "1943"]
[PlyCount "62"]
[EventDate "2018.07.07"]
[EventType "tourn"]
[EventRounds "5"]
[EventCountry "CAN"]
[SourceTitle "EXT 2022"]
[Source "ChessBase"]
[SourceDate "2021.10.06"]
[SourceVersion "1"]
[SourceVersionDate "2021.10.06"]
[SourceQuality "1"]

1. e4 c6 2. d4 d5 3. exd5 cxd5 4. f4 Nf6 5. Nf3 Nc6 6. c3 Bg4 7. Bd3 Qc7 8. 0-0 e6 9. h3 Bxf3 10. Qxf3 Bd6 11. b4 0-0 12. Nd2 Ne7 13. Nb3 Rac8 14. Bd2 Qb8 15. Rac1 g6 16. Kh1 Kg7 17. g4 h5 18. Kg2 hxg4 19. hxg4 Rh8 20. Rh1 Rxh1 21. Rxh1 Rh8 22. Nc5 Rxh1 23. Kxh1 b6 24. g5 Nh5 25. Nd7 Qe8 26. Ne5 Qa4 27. Bb1 Qa3 28. Nd3 Nf5 29. Kh2 Nhg3 30. Ne5 Qb2 31. Qd3 Qxd2+ 0-1

[Event "Halifax"]
[Site "Halifax"]
[Date "2018.07.07"]
[Round "1"]
[White "Giacomin, Gordon"]
[Black "Felix, Chris"]
[Result "1/2-1/2"]
[WhiteElo "1943"]
[BlackElo "2047"]
[PlyCount "50"]
[EventDate "2018.07.07"]
[EventType "tourn"]
[EventRounds "5"]
[EventCountry "CAN"]
[SourceTitle "EXT 2022"]
[Source "ChessBase"]
[SourceDate "2021.10.06"]
[SourceVersion "1"]
[SourceVersionDate "2021.10.06"]
[SourceQuality "1"]

1. e4 c5 2. Nf3 d6 3. d4 cxd4 4. Nxd4 Nf6 5. Bd3 Nc6 6. Nxc6 bxc6 7. Qe2 Rb8 8. b3 g6 9. Bb2 Bg7 10. c4 0-0 11. 0-0 Qb6 12. Nc3 Rd8 13. Kh1 d5 14. exd5 cxd5 15. cxd5 Nxd5 16. Nxd5 Rxd5 17. Bxg7 Kxg7 18. Bc4 Rd7 19. Rad1 Rbb7 20. Ba6 Rbc7 21. Bxc8 Rxd1 22. Rxd1 Rxc8 23. h3 Qc5 24. Kg1 Qc2 25. Qd2 Qxd2 1/2-1/2

[Event "Halifax"]
[Site "Halifax"]
[Date "2017.07.09"]
[Round "5"]
[White "Giacomin, Gordon"]
[Black "Felix, Chris"]
[Result "1/2-1/2"]
[WhiteElo "1954"]
[BlackElo "2037"]
[PlyCount "26"]
[EventDate "2017.07.07"]
[EventType "tourn"]
[EventRounds "5"]
[EventCountry "CAN"]
[SourceTitle "EXT 2022"]
[Source "ChessBase"]
[SourceDate "2021.10.06"]
[SourceVersion "1"]
[SourceVersionDate "2021.10.06"]
[SourceQuality "1"]

1. e4 c5 2. Nf3 d6 3. d4 cxd4 4. Nxd4 Nf6 5. Nc3 a6 6. Be2 e5 7. Nb3 Be7 8. 0-0 0-0 9. Kh1 b6 10. Be3 Bb7 11. f3 Nbd7 12. Qd2 Rc8 13. Rfd1 Qc7 1/2-1/2

[Event "Halifax"]
[Site "Halifax"]
[Date "2017.07.09"]
[Round "4"]
[White "Kenney, David"]
[Black "Giacomin, Gordon"]
[Result "1/2-1/2"]
[WhiteElo "1887"]
[BlackElo "1954"]
[PlyCount "21"]
[EventDate "2017.07.07"]
[EventType "tourn"]
[EventRounds "5"]
[EventCountry "CAN"]
[SourceTitle "EXT 2022"]
[Source "ChessBase"]
[SourceDate "2021.10.06"]
[SourceVersion "1"]
[SourceVersionDate "2021.10.06"]
[SourceQuality "1"]

1. d4 Nf6 2. Nf3 e6 3. e3 b6 4. Bd3 Bb7 5. Nbd2 c5 6. 0-0 Be7 7. Re1 0-0 8. c3 Nc6 9. e4 cxd4 10. cxd4 d6 11. a3 1/2-1/2

[Event "Halifax"]
[Site "Halifax"]
[Date "2017.07.08"]
[Round "3"]
[White "McKay, Brian"]
[Black "Giacomin, Gordon"]
[Result "1-0"]
[WhiteElo "1885"]
[BlackElo "1954"]
[PlyCount "35"]
[EventDate "2017.07.07"]
[EventType "tourn"]
[EventRounds "5"]
[EventCountry "CAN"]
[SourceTitle "EXT 2022"]
[Source "ChessBase"]
[SourceDate "2021.10.06"]
[SourceVersion "1"]
[SourceVersionDate "2021.10.06"]
[SourceQuality "1"]

1. Nf3 d5 2. d4 Nf6 3. Bf4 e6 4. e3 Bd6 5. Bg3 0-0 6. Nbd2 b6 7. Bd3 Bb7 8. c3 c5 9. Rc1 Nc6 10. Bh4 Be7 11. Bg3 Nh5 12. Ne5 Nxg3 13. Bxh7+ Kh8 14. hxg3 Bg5 15. Bg6+ Bh6 16. Nxf7+ Rxf7 17. Bxf7 Qf6 18. Qf3 1-0

[Event "Halifax"]
[Site "Halifax"]
[Date "2017.07.07"]
[Round "1"]
[White "Charlton, Glenn"]
[Black "Giacomin, Gordon"]
[Result "1-0"]
[WhiteElo "2045"]
[BlackElo "1954"]
[PlyCount "37"]
[EventDate "2017.07.07"]
[EventType "tourn"]
[EventRounds "5"]
[EventCountry "CAN"]
[SourceTitle "EXT 2022"]
[Source "ChessBase"]
[SourceDate "2021.10.06"]
[SourceVersion "1"]
[SourceVersionDate "2021.10.06"]
[SourceQuality "1"]

1. d4 d5 2. Bf4 e6 3. e3 Bd6 4. Bg3 b6 5. c3 Bb7 6. Nd2 Nf6 7. Bd3 c5 8. Ngf3 Nc6 9. Qe2 Qc7 10. dxc5 bxc5 11. e4 dxe4 12. Nxe4 Nxe4 13. Bxe4 Rb8 14. Rd1 Bxg3 15. hxg3 h6 16. Rh5 Qb6 17. Rd6 Ke7 18. Ne5 Kxd6 19. Qd3+ 1-0

[Event "Halifax"]
[Site "Halifax"]
[Date "2016.07.09"]
[Round "3"]
[White "McKay, Brian"]
[Black "Giacomin, Gordon"]
[Result "0-1"]
[WhiteElo "1877"]
[BlackElo "1960"]
[PlyCount "42"]
[EventDate "2016.07.08"]
[EventType "tourn"]
[EventRounds "5"]
[EventCountry "CAN"]
[SourceTitle "EXT 2022"]
[Source "ChessBase"]
[SourceDate "2021.10.06"]
[SourceVersion "1"]
[SourceVersionDate "2021.10.06"]
[SourceQuality "1"]

1. e4 c6 2. d4 d5 3. Nd2 dxe4 4. Nxe4 Nd7 5. Bc4 Ndf6 6. Ng5 e6 7. Ne2 h6 8. Nf3 Bd6 9. Bf4 Ne7 10. c3 Ned5 11. Bg3 Ne4 12. Ne5 Nxg3 13. hxg3 Qc7 14. Nd3 Bd7 15. Qd2 a5 16. Ndf4 Nxf4 17. Nxf4 c5 18. Nh5 cxd4 19. Qxd4 0-0-0 20. Be2 g6 21. b4 Be5 0-1

[Event "Fancy Lake Veranda"]
[Site "Fancy Lake"]
[Date "2014.08.09"]
[Round "3"]
[White "Giacomin, Gordon"]
[Black "Pentz, Brian"]
[Result "1-0"]
[WhiteElo "1944"]
[BlackElo "1889"]
[PlyCount "51"]
[EventDate "2014.06.28"]
[EventType "tourn"]
[EventRounds "5"]
[EventCountry "CAN"]
[SourceTitle "EXT 2022"]
[Source "ChessBase"]
[SourceDate "2021.10.06"]
[SourceVersion "1"]
[SourceVersionDate "2021.10.06"]
[SourceQuality "1"]

1. e4 Nc6 2. d4 d5 3. exd5 Qxd5 4. Nf3 Bg4 5. Nc3 Qh5 6. Be2 0-0-0 7. Ne4 Qd5 8. Neg5 Nh6 9. c4 Qd7 10. d5 f6 11. Ne4 Bxf3 12. Bxf3 Ne5 13. Nc5 Qf5 14. Be4 Qg4 15. Qb3 b6 16. h3 Qh5 17. Ne6 Rd6 18. Bf4 Nef7 19. Nd4 Rd8 20. g4 Nxg4 21. hxg4 Qxg4 22. Bf5+ Qxf5 23. Nxf5 g5 24. Bg3 h5 25. Qa4 Kb8 26. Nd4 1-0

[Event "Halifax"]
[Site "Halifax"]
[Date "2013.06.30"]
[Round "4"]
[White "Dorrance, Adam"]
[Black "Giacomin, Gordon"]
[Result "1/2-1/2"]
[WhiteElo "2192"]
[BlackElo "1924"]
[PlyCount "96"]
[EventDate "2013.06.28"]
[EventType "tourn"]
[EventRounds "5"]
[EventCountry "CAN"]
[SourceTitle "EXT 2022"]
[Source "ChessBase"]
[SourceDate "2021.10.06"]
[SourceVersion "1"]
[SourceVersionDate "2021.10.06"]
[SourceQuality "1"]

1. e4 c6 2. c4 d5 3. exd5 cxd5 4. d4 Nf6 5. Nc3 Nc6 6. Nf3 g6 7. cxd5 Nxd5 8. Bc4 Nxc3 9. bxc3 Na5 10. Bd3 Bg7 11. Bf4 0-0 12. 0-0 Be6 13. Re1 Rc8 14. Qd2 Nc4 15. Qe2 Re8 16. Rec1 Qa5 17. Nd2 Nxd2 18. Bxd2 Qc7 19. Be4 Qd7 20. Be3 Bd5 21. Bxd5 Qxd5 22. Rab1 b6 23. c4 Qe4 24. Qc2 Qxc2 25. Rxc2 Red8 26. Rd1 Kf8 27. Kf1 b5 28. Rdc1 Bxd4 29. cxb5 Rxc2 30. Bh6+ Ke8 31. Rxc2 Rd5 32. Rd2 e5 33. a4 Rc5 34. Ke2 Rc4 35. Ra2 Rb4 36. Bd2 Rb3 37. Kd1 Rb1+ 38. Bc1 Kd7 39. Kc2 Rb4 40. Bd2 Rc4+ 41. Kb3 Rc8 42. a5 Bxf2 43. Bc3 Bg1 44. g3 e4 45. Bb4 f5 46. Rg2 Be3 47. Re2 Bg1 48. Rg2 Be3 1/2-1/2

[Event "Halifax"]
[Site "Halifax"]
[Date "2013.06.29"]
[Round "2"]
[White "Charlton, Glenn"]
[Black "Giacomin, Gordon"]
[Result "1/2-1/2"]
[WhiteElo "2013"]
[BlackElo "1924"]
[PlyCount "60"]
[EventDate "2013.06.28"]
[EventType "tourn"]
[EventRounds "5"]
[EventCountry "CAN"]
[SourceTitle "EXT 2022"]
[Source "ChessBase"]
[SourceDate "2021.10.06"]
[SourceVersion "1"]
[SourceVersionDate "2021.10.06"]
[SourceQuality "1"]

1. e4 c6 2. d4 d5 3. exd5 cxd5 4. Bd3 Nc6 5. c3 Qc7 6. h3 Nf6 7. Nf3 e6 8. 0-0 Bd7 9. Na3 a6 10. Nc2 Bd6 11. Re1 Ne7 12. Qe2 Ng6 13. Ne5 0-0 14. Bd2 Rae8 15. f4 Re7 16. Rf1 Be8 17. Rae1 Nd7 18. Kh1 f6 19. Nxg6 Bxg6 20. Bxg6 hxg6 21. Qg4 Kf7 22. Re2 f5 23. Qf3 Nf6 24. Ne1 Ne4 25. Nd3 Ree8 26. Ne5+ Bxe5 27. dxe5 Qc4 28. Kh2 Qxa2 29. Be3 Rc8 30. Bd4 Qc4 1/2-1/2

[Event "Fancy Lake Veranda"]
[Site "Fancy Lake"]
[Date "2012.08.05"]
[Round "5"]
[White "Giacomin, Gordon"]
[Black "Kenney, David"]
[Result "1/2-1/2"]
[WhiteElo "1923"]
[BlackElo "1942"]
[PlyCount "42"]
[EventDate "2012.08.04"]
[EventType "tourn"]
[EventRounds "5"]
[EventCountry "CAN"]
[SourceTitle "EXT 2022"]
[Source "ChessBase"]
[SourceDate "2021.10.06"]
[SourceVersion "1"]
[SourceVersionDate "2021.10.06"]
[SourceQuality "1"]

1. e4 e5 2. Nf3 Nc6 3. Bb5 a6 4. Ba4 Nf6 5. 0-0 Be7 6. Re1 b5 7. Bb3 d6 8. c3 0-0 9. h3 Nb8 10. d4 Nbd7 11. Nbd2 Bb7 12. Bc2 Re8 13. Nf1 h6 14. Ng3 Bf8 15. a4 g6 16. Qd3 c6 17. Bb3 Bg7 18. Bd2 Qb6 19. a5 Qc7 20. Bc2 c5 21. b4 c4 1/2-1/2

[Event "Fancy Lake Veranda"]
[Site "Fancy Lake"]
[Date "2012.08.04"]
[Round "1"]
[White "Wysocki, Antoni"]
[Black "Giacomin, Gordon"]
[Result "1-0"]
[WhiteElo "2224"]
[BlackElo "1923"]
[PlyCount "69"]
[EventDate "2012.08.04"]
[EventType "tourn"]
[EventRounds "5"]
[EventCountry "CAN"]
[SourceTitle "EXT 2022"]
[Source "ChessBase"]
[SourceDate "2021.10.06"]
[SourceVersion "1"]
[SourceVersionDate "2021.10.06"]
[SourceQuality "1"]

1. c4 Nf6 2. Nf3 e6 3. Nc3 Bb4 4. g4 0-0 5. g5 Bxc3 6. dxc3 Ne4 7. Qc2 f5 8. gxf6 Nxf6 9. Rg1 Kh8 10. Bg5 Qe8 11. 0-0-0 e5 12. Bh3 d6 13. Bxc8 Qxc8 14. c5 Qe6 15. Qb3 Qxb3 16. axb3 Ne4 17. cxd6 cxd6 18. Be7 Re8 19. Bxd6 Nd7 20. Bc7 Re7 21. Rg2 Rc8 22. Bd6 Re6 23. Ba3 Ndf6 24. Nd2 Rd8 25. Nxe4 Rxd1+ 26. Kxd1 Nxe4 27. f3 Nf6 28. e4 Kg8 29. Rd2 Kf7 30. Ke2 b6 31. Rd8 Rc6 32. Ra8 a5 33. Ra7+ Kg6 34. Re7 b5 35. b4 1-0

[Event "Halifax"]
[Site "Halifax"]
[Date "2012.05.21"]
[Round "5"]
[White "Martin, Brendan T"]
[Black "Giacomin, Gordon"]
[Result "1-0"]
[WhiteElo "2024"]
[BlackElo "2005"]
[PlyCount "43"]
[EventDate "2012.05.19"]
[EventType "tourn"]
[EventRounds "5"]
[EventCountry "CAN"]
[SourceTitle "EXT 2022"]
[Source "ChessBase"]
[SourceDate "2021.10.06"]
[SourceVersion "1"]
[SourceVersionDate "2021.10.06"]
[SourceQuality "1"]

1. e4 c5 2. c3 Nf6 3. e5 Nd5 4. d4 cxd4 5. Nf3 Nc6 6. Bc4 Nb6 7. Bb3 d5 8. cxd4 Bg4 9. Be3 e6 10. 0-0 Be7 11. Nbd2 0-0 12. Qe2 Qd7 13. Rfd1 Rfc8 14. Nf1 Na5 15. Bc2 Rc7 16. Ng3 Rac8 17. Bb1 Nc6 18. h3 Bxf3 19. Qxf3 Nb4 20. Qg4 Kh8 21. Nh5 Rg8 22. Bxh7 1-0

[Event "Halifax"]
[Site "Halifax"]
[Date "2012.05.19"]
[Round "1"]
[White "Giacomin, Gordon"]
[Black "Gonzalez Cueto, Jose"]
[Result "1/2-1/2"]
[WhiteElo "2005"]
[BlackElo "2077"]
[PlyCount "59"]
[EventDate "2012.05.19"]
[EventType "tourn"]
[EventRounds "5"]
[EventCountry "CAN"]
[SourceTitle "EXT 2022"]
[Source "ChessBase"]
[SourceDate "2021.10.06"]
[SourceVersion "1"]
[SourceVersionDate "2021.10.06"]
[SourceQuality "1"]

1. e4 e5 2. Nf3 Nf6 3. Nxe5 d6 4. Nf3 Nxe4 5. Nc3 Nxc3 6. dxc3 d5 7. c4 Bc5 8. cxd5 0-0 9. Be2 Qf6 10. 0-0 Bf5 11. c3 Re8 12. Bg5 Qg6 13. Bf4 Bg4 14. Qd2 Bd6 15. Rae1 Nd7 16. Bxd6 cxd6 17. Bd1 Nf6 18. Rxe8+ Rxe8 19. Re1 Rxe1+ 20. Nxe1 Bxd1 21. Qxd1 Qe4 22. Nc2 Nxd5 23. Qe1 Qxe1+ 24. Nxe1 f6 25. Kf1 Kf7 26. Ke2 Ke6 27. Kd3 Nf4+ 28. Ke4 g5 29. g3 f5+ 30. Ke3 1/2-1/2

[Event "Fancy Lake Veranda"]
[Site "Fancy Lake"]
[Date "2010.08.01"]
[Round "5"]
[White "Giacomin, Gordon"]
[Black "Charlton, Glenn"]
[Result "1/2-1/2"]
[WhiteElo "2047"]
[BlackElo "2071"]
[PlyCount "87"]
[EventDate "2010.07.31"]
[EventType "tourn"]
[EventRounds "5"]
[EventCountry "CAN"]
[SourceTitle "EXT 2022"]
[Source "ChessBase"]
[SourceDate "2021.10.06"]
[SourceVersion "1"]
[SourceVersionDate "2021.10.06"]
[SourceQuality "1"]

1. e4 d6 2. Nf3 g6 3. Bc4 Bg7 4. 0-0 Nf6 5. d3 0-0 6. Nc3 c5 7. Bg5 Nc6 8. h3 a6 9. a4 Bd7 10. Qd2 Nd4 11. Nxd4 cxd4 12. Nd5 e6 13. Nxf6+ Bxf6 14. f4 Bxg5 15. fxg5 Bc6 16. Bb3 Qd7 17. Qf2 e5 18. Qf6 Rae8 19. Qf3 Rd8 20. h4 d5 21. exd5 Bxd5 22. Bxd5 Qxd5 23. Qxd5 Rxd5 24. Rf2 Rc8 25. Re1 Rdc5 26. Ree2 R8c7 27. Kf1 b5 28. b4 Rd5 29. a5 Kg7 30. Rf6 h6 31. Rxa6 hxg5 32. hxg5 e4 33. dxe4 Rxg5 34. Rd6 Rc4 35. Rd5 Kh6 36. Rd2 Rxb4 37. R2xd4 Rxd4 38. Rxd4 Rc5 39. Rd5 Rxc2 40. Rxb5 f6 41. a6 Ra2 42. Rb6 Kg5 43. Re6 Ra1+ 44. Kf2 1/2-1/2

[Event "Fancy Lake Veranda"]
[Site "Fancy Lake"]
[Date "2010.07.31"]
[Round "3"]
[White "Giacomin, Gordon"]
[Black "Wysocki, Antoni"]
[Result "1-0"]
[WhiteElo "2047"]
[BlackElo "2185"]
[PlyCount "79"]
[EventDate "2010.07.31"]
[EventType "tourn"]
[EventRounds "5"]
[EventCountry "CAN"]
[SourceTitle "EXT 2022"]
[Source "ChessBase"]
[SourceDate "2021.10.06"]
[SourceVersion "1"]
[SourceVersionDate "2021.10.06"]
[SourceQuality "1"]

1. e4 d5 2. exd5 Nf6 3. d4 Bg4 4. Be2 Bxe2 5. Qxe2 Qxd5 6. Nf3 Nc6 7. c4 Qe4 8. Nc3 Qxe2+ 9. Kxe2 e6 10. Bf4 0-0-0 11. Rhd1 Bb4 12. Rac1 Rhe8 13. a3 Bxc3 14. Rxc3 e5 15. dxe5 Rxd1 16. Kxd1 Nh5 17. g3 h6 18. h4 Re6 19. b4 Nxf4 20. gxf4 Rg6 21. Ke2 Rg4 22. Ke3 Ne7 23. Ke4 Ng6 24. h5 Nxf4 25. Kf5 Ne2 26. Kxg4 Nxc3 27. Nd4 Ne4 28. f4 g6 29. f5 gxh5+ 30. Kxh5 Nd2 31. e6 fxe6 32. Nxe6 Nxc4 33. Kxh6 Nd6 34. Kg6 Kd7 35. Nd4 a6 36. f6 b6 37. Nf5 Nxf5 38. Kxf5 Ke8 39. Ke6 Kf8 40. Kd5 1-0

[Event "Fancy Lake Veranda"]
[Site "Fancy Lake"]
[Date "2010.07.31"]
[Round "2"]
[White "Kenney, David"]
[Black "Giacomin, Gordon"]
[Result "1/2-1/2"]
[WhiteElo "1954"]
[BlackElo "2047"]
[PlyCount "58"]
[EventDate "2010.07.31"]
[EventType "tourn"]
[EventRounds "5"]
[EventCountry "CAN"]
[SourceTitle "EXT 2022"]
[Source "ChessBase"]
[SourceDate "2021.10.06"]
[SourceVersion "1"]
[SourceVersionDate "2021.10.06"]
[SourceQuality "1"]

1. c4 Nf6 2. g3 g6 3. Bg2 Bg7 4. Nc3 0-0 5. Nf3 d6 6. d4 Nbd7 7. 0-0 c5 8. d5 a6 9. e4 Rb8 10. a4 Ne8 11. Re1 Ne5 12. Nxe5 Bxe5 13. f4 Bd4+ 14. Be3 e5 15. Kh1 f5 16. fxe5 Bxe5 17. exf5 Bxf5 18. Qd2 Nf6 19. Rad1 Qd7 20. Rf1 Bxc3 21. Qxc3 Qxa4 22. b3 Qd7 23. Rde1 Rbe8 24. Bh6 Rf7 25. Bc1 Ne4 26. Qe3 Nf6 27. Qc3 Ne4 28. Qe3 Nf6 29. Qc3 Ne4 1/2-1/2